000 00526nam a2200181Ia 4500
005 20241106100500.0
008 240126s9999 xx 000 0 und d
020 _a9789351507307
082 _a658.3125 RAO;1 R
100 _aRao, T V.
245 0 _aPerformance management : toward organizational excellence
250 _a2nd ed.
260 _bSage Publication
_aNew Delhi
_c2016
300 _axxvii, 300
440 _aNULL
650 _aPerformance,management,appraisal,HR,tools,global,competitiveness
942 _cPU
999 _c290048
_d290048